000
00310nam a2200109Ia 4500
008
180116s9999 xx 000 0 und d
020
_a
9781305093089
245
_c
Jahangir Moini
_a
The Pharmacy Technician: A comprehensive approach
250
_a
3rd ed
260
_b
Cengage Learning
_c
2016
300
_a
926 pages
999
_c
353264
_d
353264